000 00701nam a22002177a 4500
005 20150520113701.0
008 140714b xxu||||| |||| 00| 0 Urdu d
010 _aUR-8931
020 _c175.00
035 _aU-7486
037 _bBPPD/Pub/Ven
040 _aDPL
_bUrdu
082 _a ک
100 _aا حمد ر شيد
245 _aبا ءين پہلو کی پسلی:ا فسا نے
_cا حمد ر شيد
246 _aBayen Pehlu ki Pasli (Short stories)
_bBy Ahmad Rasheed
260 _bEducational Publishing House
_c2014
_aDelhi
270 _a3108,Vakil Street Kucha Pandit,Lal Kuan
_bDelhi
_k01123216162
_e110006
300 _a164ص
_c22Cm (Hb)
942 _2ddc
_cUR
_e
_h ک
_mا ح م
999 _c93771
_d93771